000 00177nam a22000977a 4500
082 _a622.334IPI
100 _aIPI
245 _aCoal technology 86
300 _a522
942 _cBK
999 _c15015
_d15015